00406nam a2200109 a 4500008004100000050002100041110004400062245008000106260005400186300001900240650003700259130107s2008 ||||||||||||||||| || u aTIZ(058)BPI/2007 aTransparency International Zambia (TIZ)10aBribe payers index, Zambia 2007cby Transparency International Zambia [TIZ] aLusaka: bTransparency International Zambiac2008 aix, 55p.: ill. aCORRUPTION--ZAMBIA--CASE STUDIES